[Event "Hamburg HSK Easter op"]
[Site "Hamburg"]
[Date "2025.04.19"]
[Round "3"]
[White "Neumann, Hannes"]
[Black "Strate, Gerda"]
[Result "1-0"]
[WhiteElo "1655"]
[BlackElo "1848"]
[PlyCount "101"]
[EventDate "2025.04.18"]
[EventType "swiss"]
[EventRounds "7"]
[EventCountry "GER"]
[SourceTitle "CB20_2025"]
[SourceDate "2025.05.14"]
[SourceVersion "1"]
[SourceVersionDate "2025.05.14"]
[SourceQuality "1"]

1. e4 e5 2. Nf3 Nc6 3. Bc4 h6 4. 0-0 Nf6 5. Re1 d6 6. c3 Bg4 7. d4 exd4 8. cxd4 Bxf3 9. Qxf3 Nxd4 10. Qd3 Nc6 11. Qb3 Qd7 12. e5 dxe5 13. Bxf7+ Kd8 14. Nc3 Bd6 15. Be3 Na5 16. Qe6 Rf8 17. Qxd7+ Kxd7 18. Bg6 Nc4 19. Rad1 Nxb2 20. Rb1 Nc4 21. Rxb7 Nxe3 22. Rxe3 Ng4 23. Re2 Nf6 24. Nb5 Rab8 25. Nxd6 Kxd6 26. Rxa7 Nd5 27. g3 Rf6 28. Be4 g5 29. Rd2 c6 30. Ra6 Rb5 31. a4 Rc5 32. a5 Rf8 33. Bxd5 Rxd5 34. Ra2 Rb8 35. Ra7 Rd1+ 36. Kg2 g4 37. h3 h5 38. hxg4 hxg4 39. Rg7 Rbb1 40. Rxg4 Rg1+ 41. Kf3 Rb3+ 42. Ke2 Rgb1 43. Raa4 c5 44. a6 R1b2+ 45. Kf1 Rb4 46. Rgxb4 cxb4 47. a7 Rb1+ 48. Kg2 b3 49. a8Q Rb2 50. Qa6+ Ke7 51. Rb4 1-0